Excentrici, ironici, outsideři ve středoevropské moderní kultuře /

Další autoři: Petráš, Jiří, 1963-, Máchalová, Jitka, 1980-, Jiroušek, Bohumil, 1972-, Kábová, Hana, 1977-
Jazyk: Čeština
Vydáno: V Českých Budějovicích : Jihočeské muzeum, 2019
Edice: Jihočeský sborník historický
Témata:
Fyzický popis: 278 stran : ilustrace, portréty, faksimile ; 21 cm
Language note: České a anglické resumé
Knihy
Uloženo v:
LEADER 02376nam a2200565 i 4500
001 nkc20193165771
003 CZ PrNK
005 20200124101014.0
007 ta
008 191219s2019 xr ach e 000 0dcze
015 |a cnb003165771 
020 |a 978-80-7646-000-3  |q (brožováno) 
035 |a (OCoLC)1140094801 
040 |a BOA001  |b cze  |e rda 
041 0 |a cze  |b cze  |b eng 
043 |a ec----- 
045 |a w-x- 
072 7 |a 930  |x Historická věda. Pomocné vědy historické. Archivnictví  |2 Konspekt  |9 8 
080 |a 929-058.1-027.541  |2 MRF 
080 |a 930.1  |2 MRF 
080 |a 94(4-191.2)  |2 MRF 
080 |a (048.8:082)  |2 MRF 
245 0 0 |a Excentrici, ironici, outsideři ve středoevropské moderní kultuře /  |c Jiří Petráš, Jitka Rauchová, Bohumil Jiroušek, Hana Kábová (edd.) 
264 1 |a V Českých Budějovicích :  |b Jihočeské muzeum,  |c 2019 
300 |a 278 stran :  |b ilustrace, portréty, faksimile ;  |c 21 cm 
336 |a text  |b txt  |2 rdacontent 
337 |a bez média  |b n  |2 rdamedia 
338 |a svazek  |b nc  |2 rdacarrier 
490 1 |a Jihočeský sborník historický,  |x 0323-004X ;  |v supplementum 10 
504 |a Obsahuje bibliografické odkazy 
546 |a České a anglické resumé 
648 7 |a 19.-20. století  |7 ch757015  |2 czenas 
650 0 7 |a osobnosti regionu  |7 ph406516  |z Evropa střední  |y 19.-20. století  |2 czenas 
650 0 7 |a osobnost v dějinách  |7 ph123834  |z Evropa střední  |y 19.-20. století  |2 czenas 
650 0 9 |a regional celebrities  |z Europe, Central  |y 19th-20th centuries  |2 eczenas 
650 0 9 |a regional celebrities  |z Europe, Central  |y 19th-20th centuries  |2 eczenas 
651 7 |a Evropa střední  |7 ge137882  |x dějiny  |y 19.-20. století  |2 czenas 
651 9 |a Europe, Central  |x history  |y 19th-20th centuries  |2 eczenas 
655 7 |a kolektivní monografie  |7 fd501537  |2 czenas 
655 9 |a collective monographs  |2 eczenas 
700 1 |a Petráš, Jiří,  |d 1963-  |7 jo20000080764  |4 edt 
700 1 |a Máchalová, Jitka,  |d 1980-  |7 mzk2005286564  |4 edt 
700 1 |a Jiroušek, Bohumil,  |d 1972-  |7 jn20000401245  |4 edt 
700 1 |a Kábová, Hana,  |d 1977-  |7 jx20080124020  |4 edt 
830 0 |a Jihočeský sborník historický  |0 s 
910 2 |a BOA001  |b 2-1441.356 
990 |a BK 
995 |a 01 
991 |b 202001  |c NOV 
996 6 |b 2610811297  |c 2-1441.356  |l MZK  |r Sklad / do 1 hodiny  |n 0  |p p.v.  |w 001775572  |u 000010  |a 1  |e BOA001  |j MZK50  |s P